| 000 | 01431nam a2200325 i 4500 | ||
|---|---|---|---|
| 001 | 768714001 | ||
| 003 | CO-MdFUSB | ||
| 005 | 20210306101349.0 | ||
| 007 | ta | ||
| 008 | 200602t2010 sp a|||| |||| 00| 0 spa d | ||
| 020 | _a9788420404967 | ||
| 040 |
_aCO-MdFUSB _bspa _cCO-MdFUSB _dCO-MdFUSBC _erda |
||
| 041 | _aspa | ||
| 082 |
_223 _a861.6 _bN454 |
||
| 100 |
_aNeruda, Pablo _d1904-1973 _eautor |
||
| 245 |
_aAntología general _c/ Pablo Neruda. |
||
| 264 | 1 |
_aMadrid, España : _bAlfaguara, _c[2010] |
|
| 264 | 4 | _c© 2010 | |
| 300 |
_a714 páginas _c; 21 cm |
||
| 336 |
_2rdacontent _atexto _btxt |
||
| 337 |
_2rdamedia _asin mediación _bn |
||
| 338 |
_2rdacarrier _avolumen _bnc |
||
| 505 | _aEl último Neruda / Jorge Edwards -- Pablo Neruda: entre lo inhabitado y la fraternidad / Alain Sicard -- Pablo Neruda y la tradición poética: sombra y luz de un diálogo entre siglos / Selena Millares -- Guía a esta selección de Neruda (nota al texto) / Hernán Loyola -- Antología general -- Evocaciones y lecturas nerudianas / Marco Martos Carrera, José Luis Vega, Pere Gimferrer, Andrés Gallardo, Francisco Brines, Eduardo Lizalde -- Bibliografía / Hernán Loyola -- Glosario y índice onomástico / Manuel Jofré, Carlos Dominguez. | ||
| 563 | _aRústico | ||
| 650 | 7 |
_2embne _92265 _aLiteratura hispanoamericana |
|
| 653 | _aLiteratura chilena | ||
| 653 | _aPoesía chilena. | ||
| 942 | _cBK | ||
| 945 | _aJTF-925 | ||
| 999 |
_c65963 _d65963 |
||